Membri della famiglia reale inglese - Statistics

Statistiche generali
  • Questo quiz è stato fatto 74 volte
    64 dall'ultimo reset
  • Il punteggio medio è 2 su 16
Statistiche sulle risposte
con Immagini Risposta % Corretto
Re Carlo III
98%
Camilla Regina Consorte
76%
Principessa Eugenie di York
4%
Anna Principessa Reale
2%
Catherine Principessadì di Galles
2%
Principessa Beatrice di York
2%
William Principe di Galles
2%
Andrea Duca di York
0%
Birgitte Duchessa di Gloucester
0%
Edoardo Duca di Edimburgo
0%
Edoardo Duca di Kent
0%
Henry Duca di Sussex
0%
Megan Duchessa di Sussex
0%
Riccardo Duca di Gloucester
0%
Sara Duchessa di York
0%
Sophie Duchessa di Edimburgo
0%
Nessun quiz corrispondente trovato
Distribuzione punteggi
Percentuale di utenti per punteggio
Percentile per numero di risposta
I tuoi punteggi nel tempo
Non hai fatto questo quiz dall'ultimo reset